000
00335pab a2200145 454500
008
180718b1988 xxu||||| |||| 00| 0 eng d
100
_a
Daruwala, Maja
245
_a
Lanka's Last chance at democracy
260
_c
1988
300
_a
31-2
362
_a
30 Nov.
650
_a
Democracy - Sri Lanka
773
_a
Commerce
909
_a
7239
999
_c
7239
_d
7239